000 00495nam a22001817a 4500
999 _c172074
_d172074
005 20200127124818.0
010 _aENG-127562
020 _c170.00
_a8175050624
035 _aEN-111094
037 _bDBAD/PUB
082 _a230.35
245 _aLetters of swami Vivekananda/
260 _aUttarakhand
_bAdvaita Ashrama
_c2017
270 _aMayavati,Champawat
_bUttarakhand
_e262524
300 _a455p
_c21cm(hb)
500 _aIncludes index
942 _2ddc
_cEN
_mLET
_h230.35